| 000 | 00794cab a2200253 4500 | ||
|---|---|---|---|
| 001 | ABS59540 | ||
| 008 | 090401t1998 xxu||||| |||| 00| 0 eng d | ||
| 035 | _a(Sirsi) u89311 | ||
| 041 | _aeng | ||
| 100 | _aCundell, I. | ||
| 245 | _aRestructuring RICS | ||
| 260 | _c1998 | ||
| 350 | _a0 | ||
| 490 |
_aProperty Week _v63(25) 16 October 1998, 28-29(2) |
||
| 520 | _aOutlines some of the thinking behind proposed changes to the aims and structure of the RICS, which will be `the most radical reform(s) of the RICS in a generation`. | ||
| 650 | _aABOUT RICS-RICS MEMBERS | ||
| 650 | _aORGANISATIONAL STRUCTURE | ||
| 650 | _aREFORM | ||
| 650 | _aRICHARD LAY | ||
| 650 | _aRICS | ||
| 690 | _aMANAGEMENT-BUSINESS MANAGEMENT-PROFESSIONAL PRACTICE | ||
| 942 | _n0 | ||
| 948 | _c27/10/1998 | ||
| 999 |
_c56491 _d56491 |
||